ثمرة الجريمة أو ظلم المجتمع
محفوظ في:
المؤلف الرئيسي:
التنسيق: كتاب
اللغة: Undetermined
منشور في:
Alexandria
Al Nahda Press
الوسوم: إضافة وسم
لا توجد وسوم, كن أول من يضع وسما على هذه التسجيلة!
رقم الطلب: P33 MICH
| LEADER | 00357nam a2200121Ia 4500 | ||
|---|---|---|---|
| 008 | 240404s9999||||xx |||||||||||||| ||und|| | ||
| 050 | 4 | |a P33 MICH | |
| 100 | 1 | |a وديع ميخائيل. | |
| 245 | 1 | 0 | |a ثمرة الجريمة أو ظلم المجتمع |c وديع ميخائيل |
| 264 | 1 | |a Alexandria |b Al Nahda Press | |
| 300 | |a 105 |c 17 | ||
| 942 | |2 lcc |c BK | ||
| 999 | |c 57929 |d 57929 | ||
